Kiến trúc tiêu chuẩn và cái đẹp

Sparad:
Bibliografiska uppgifter
Materialtyp: Bok
Språk:Vietnamese
Publicerad: Xây dựng 2003
Ämnen:
Taggar: Lägg till en tagg
Inga taggar, Lägg till första taggen!
Thư viện lưu trữ: Mạng thư viện Đại học Đà Nẵng
LEADER 00957nam a2200301 a 4500
001 000003518
003 01833
005 20171229145311.0
008 171229s2003 vie
040 |a LSK 
041 0 |a VIE 
082 0 |a 720  |b AC-A 
245 0 0 |a Kiến trúc tiêu chuẩn và cái đẹp  |c A.Achix; Bùi Vạn Trân dịch 
260 |b Xây dựng  |c 2003 
300 |a 198 pages  |c 20,5 cm. 
653 |a Kiến trúc 
852 |a Phòng Đọc - Phòng Mượn 
901 |a 20 
927 |a Sách tham khảo 
OWN |a LSK 
AVA |a UDN50  |b LSK  |d 720 AC-A  |e check_holdings  |t Error 5003 Not defined in file expand_doc_bib_avail.  |h N  |k 1 
999 |a From the UDN01 
AVA |a UDN50  |b LSK  |d 720 AC-A  |e available  |t Error 5001 Not defined in file expand_doc_bib_avail.  |f 20  |g 0  |h N  |i 0  |k 1 
TYP |a Monograph 
TYP |a Printed language 
980 |a Mạng thư viện Đại học Đà Nẵng